<?xml version="1.0" encoding="UTF-8"?><?xml-stylesheet type="text/xsl" href="static/style.xsl"?><OAI-PMH xmlns="http://www.openarchives.org/OAI/2.0/" xmlns:xsi="http://www.w3.org/2001/XMLSchema-instance" xsi:schemaLocation="http://www.openarchives.org/OAI/2.0/ http://www.openarchives.org/OAI/2.0/OAI-PMH.xsd"><responseDate>2026-04-17T15:57:45Z</responseDate><request verb="GetRecord" identifier="oai:www.recercat.cat:2117/186186" metadataPrefix="marc">https://recercat.cat/oai/request</request><GetRecord><record><header><identifier>oai:recercat.cat:2117/186186</identifier><datestamp>2026-02-04T08:14:32Z</datestamp><setSpec>com_2072_1033</setSpec><setSpec>col_2072_452950</setSpec></header><metadata><record xmlns="http://www.loc.gov/MARC21/slim" xmlns:dcterms="http://purl.org/dc/terms/" xmlns:xsi="http://www.w3.org/2001/XMLSchema-instance" xmlns:doc="http://www.lyncode.com/xoai" xsi:schemaLocation="http://www.loc.gov/MARC21/slim http://www.loc.gov/standards/marcxml/schema/MARC21slim.xsd">
   <leader>00925njm 22002777a 4500</leader>
   <datafield ind2=" " ind1=" " tag="042">
      <subfield code="a">dc</subfield>
   </datafield>
   <datafield ind2=" " ind1=" " tag="720">
      <subfield code="a">García-Escudero, Daniel</subfield>
      <subfield code="e">author</subfield>
   </datafield>
   <datafield ind2=" " ind1=" " tag="720">
      <subfield code="a">Bardí Milà, Berta</subfield>
      <subfield code="e">author</subfield>
   </datafield>
   <datafield ind2=" " ind1=" " tag="260">
      <subfield code="c">2020-04-30</subfield>
   </datafield>
   <datafield ind2=" " ind1=" " tag="520">
      <subfield code="a">El periodo que va de 1957 a 1975 resultó crucial para la formación reglada en arquitectura en la España contemporánea. Durante esa etapa se sucedieron un conjunto de leyes educativas, planes de estudios, debates académico-profesionales, así como la construcción de nuevas escuelas, que determinaron tanto los contenidos como las metodologías docentes de las que se convertirían en Escuelas Técnicas Superiores de Arquitectura. Así, la Ley de Ordenación de las Enseñanzas Técnicas de 1957 y el Plan de Estudios de 1975 enmarcaron este periodo fecundo también en congresos, estudios estadísticos y publicaciones. El presente artículo repasa exhaustivamente el material disperso publicado durante este periodo en actas de congresos, revistas, libros y leyes, para reconstruir una parte reciente de la historiografía española, que&#xd;
 también influyó en la práctica profesional y en la reflexión académica. Unos años que han sido sólo parcialmente estudiados, sobre todo a través de la obra construida de los arquitectos y arquitectas de la última modernidad española, pero no tanto desde los debates docentes y pedagógicos que tuvieron lugar dentro y fuera de las aulas, y en los colegios profesionales.</subfield>
   </datafield>
   <datafield ind2=" " ind1=" " tag="520">
      <subfield code="a">The years between 1957 and 1975 were crucial for formal education in architecture in contemporary Spain. During this time, a set of educational laws, study plans, and academic-professional debates as well as the construction of new schools. These new measures determined both the content and teaching methods that would become Schools of&#xd;
 Architecture. Thus, the Law of July 20, 1957 on the Organization of Technical Education and the 1975 Study Plan also framed this productive period in conferences, statistical studies and publications. This work exhaustively reviews scattered materials that were published during this period in conference proceedings, journals, books and laws, to reconstruct a recent part of Spanish historiography, which also influenced professional practise and academic reflection. Only some years have been partially studied, mainly through built works by architects of the latest Spanish modernity and not so much from teaching and pedagogical debates that took place within and out of the classroom and in professional institutions.</subfield>
   </datafield>
   <datafield ind2=" " ind1=" " tag="520">
      <subfield code="a">Peer Reviewed</subfield>
   </datafield>
   <datafield ind2=" " ind1=" " tag="520">
      <subfield code="a">Postprint (published version)</subfield>
   </datafield>
   <datafield tag="653" ind2=" " ind1=" ">
      <subfield code="a">Àrees temàtiques de la UPC::Arquitectura</subfield>
   </datafield>
   <datafield tag="653" ind2=" " ind1=" ">
      <subfield code="a">Àrees temàtiques de la UPC::Ensenyament i aprenentatge::Ensenyament universitari</subfield>
   </datafield>
   <datafield tag="653" ind2=" " ind1=" ">
      <subfield code="a">Architecture -- Study and teaching -- Spain</subfield>
   </datafield>
   <datafield tag="653" ind2=" " ind1=" ">
      <subfield code="a">Schools of architecture -- Spain</subfield>
   </datafield>
   <datafield tag="653" ind2=" " ind1=" ">
      <subfield code="a">Enseñanza</subfield>
   </datafield>
   <datafield tag="653" ind2=" " ind1=" ">
      <subfield code="a">Aprendizaje</subfield>
   </datafield>
   <datafield tag="653" ind2=" " ind1=" ">
      <subfield code="a">Arquitectura</subfield>
   </datafield>
   <datafield tag="653" ind2=" " ind1=" ">
      <subfield code="a">Planes de estudios</subfield>
   </datafield>
   <datafield tag="653" ind2=" " ind1=" ">
      <subfield code="a">Escuelas de arquitectura españolas</subfield>
   </datafield>
   <datafield tag="653" ind2=" " ind1=" ">
      <subfield code="a">Teaching</subfield>
   </datafield>
   <datafield tag="653" ind2=" " ind1=" ">
      <subfield code="a">Learning</subfield>
   </datafield>
   <datafield tag="653" ind2=" " ind1=" ">
      <subfield code="a">Architecture</subfield>
   </datafield>
   <datafield tag="653" ind2=" " ind1=" ">
      <subfield code="a">Study plans</subfield>
   </datafield>
   <datafield tag="653" ind2=" " ind1=" ">
      <subfield code="a">Spanish Schools of Architecture</subfield>
   </datafield>
   <datafield tag="653" ind2=" " ind1=" ">
      <subfield code="a">Arquitectura -- Ensenyament -- Espanya</subfield>
   </datafield>
   <datafield tag="653" ind2=" " ind1=" ">
      <subfield code="a">Escoles d'arquitectura -- Espanya</subfield>
   </datafield>
   <datafield ind2="0" ind1="0" tag="245">
      <subfield code="a">El debate sobre la enseñanza de la arquitectura en España: 1957-1975</subfield>
   </datafield>
   <datafield ind2="0" ind1="0" tag="245">
      <subfield code="a">The teaching debate on architecture in Spain: 1957-1975</subfield>
   </datafield>
</record></metadata></record></GetRecord></OAI-PMH>